| 000 | 00479nam a22001577a 4500 | ||
|---|---|---|---|
| 005 | 20251108172208.0 | ||
| 008 | 250721s9999 xx 000 0 ara d | ||
| 082 | 1 | 4 | _a636.1/أرض |
| 100 | 1 | _aالأرضروملي، قدري | |
| 245 | 1 | 0 | _aالخيل العراب و فضلها على الإنسال العالمية / |
| 264 | 1 |
_aبغداد : _bالدار العربية للطباعة، |
|
| 300 | _a207ص | ||
| 650 | 1 | 7 | _aالخيل |
| 942 |
_2ddc _cBK |
||
| 999 |
_c72827 _d72827 |
||